Steps to spoken english. a graded course for spanish-speaking students. book one /
Guardado en:
| Formato: | Libro |
|---|---|
| Publicado: |
London :
Longmans,
1969
|
| Materias: | |
| Etiquetas: |
Agregar Etiqueta
Sin Etiquetas, Sea el primero en etiquetar este registro!
|
| LEADER | 01276nam a22002775a 4500 | ||
|---|---|---|---|
| 001 | CEM.cems000074 | ||
| 005 | 20060209000000.0 | ||
| 008 | 130507s1969##################000#0#####d | ||
| 003 | CEMS | ||
| 082 | 0 | 4 | |a 428.64 |
| 245 | 0 | 0 | |a Steps to spoken english. a graded course for spanish-speaking students. book one / |
| 260 | |a London : |b Longmans, |c 1969 | ||
| 300 | |a 188 | ||
| 653 | |a Ingles | ||
| 859 | |a CEMS |b BIB. CEMS - 11 de abril |h 428.64 |i St1/I |p 11008.82 |t Ej.2 | ||
| 859 | |a CEMS |b BIB. CEMS - 11 de abril |h 428.64 |i St1/I |p 2842.75 |t Ej.1 | ||
| 859 | |a CEMS |b BIB. CEMS - 11 de abril |h 428.64 |i St1/I |p 4205.75 |t Ej.3 | ||
| 859 | |a CEMS |b BIB. CEMS - 11 de abril |h 428.64 |i St1/I |p 4206.75 |t Ej.4 | ||
| 859 | |a CEMS |b BIB. CEMS - 11 de abril |h 428.64 |i St1/I |p 4985.76 |t Ej.5 | ||
| 859 | |a CEMS |b BIB. CEMS - 11 de abril |h 428.64 |i St1/I |p 5073.76 |t Ej.6 | ||
| 859 | |a CEMS |b BIB. CEMS - 11 de abril |h 428.64 |i St1/I |p 5248.76 |t Ej.8 | ||
| 859 | |a CEMS |b BIB. CEMS - 11 de abril |h 428.64 |i St1/I |p 5249.76 |t Ej.9 | ||
| 859 | |a CEMS |b BIB. CEMS - 11 de abril |h 428.64 |i St1/I |p 6307.78 |t Ej.10 | ||
| 859 | |a CEMS |b BIB. CEMS - 11 de abril |h 428.64 |i St1/I |p 6308.78 |t Ej.11 | ||
| 859 | |a CEMS |b BIB. CEMS - 11 de abril |h 428.64 |i St1/I |p 6309.78 |t Ej.12 | ||
| 859 | |a CEMS |b BIB. CEMS - 11 de abril |h 428.64 |i St1/I |p 6835.80 |t Ej.7 | ||
